000
00281nam a2200109Ia 4500
008
200302s9999 xx 000 0 und d
100
_a
Tan Hock Beng
245
_a
Tropical Architecture and Interiors
260
_b
Page One Publishing Pvt., Ltd.,
260
_c
1994
300
_a
220 P.,
999
_c
1097
_d
1097